| 000 | 00518nam a22001577a 4500 | ||
|---|---|---|---|
| 003 | 0 | ||
| 005 | 20231107095159.0 | ||
| 008 | 230624b xxu||||| |||| 00| 0 eng d | ||
| 050 |
_aBF 637 _b.U9 2022 |
||
| 100 | _aUy, Ysabelle Andrea H. | ||
| 245 |
_aAltruistic personality and self-compassion of health care workers during the pandemic _cUy, Ysabelle Andrea H. |
||
| 260 |
_aLas PiƱas City _bSouthville International School and Colleges _cc2022 |
||
| 300 |
_a186pp. _c28cm. |
||
| 500 | _aAltruism. | ||
| 942 |
_2lcc _cTH |
||
| 999 |
_c365083 _d365083 |
||